[Event "IECC CL5-2004.07 email"]
[Site "IECC email"]
[Date "2004.03.07"]
[Round "?"]
[White "Balaram, Mohanakrishnan"]
[Black "Viatge, Fabrice"]
[Result "0-1"]
[WhiteElo "1569"]
[BlackElo "1396"]
[PlyCount "70"]
[EventDate "2004.??.??"]
[EventType "tourn (corr)"]
[EventRounds "4"]
[SourceTitle "Corr 2008"]
[Source "ChessBase"]
[SourceDate "2008.06.24"]
[SourceVersion "1"]
[SourceVersionDate "2008.06.24"]
[SourceQuality "1"]

1. e4 g6 2. d4 Bg7 3. f4 c5 4. c3 cxd4 5. cxd4 Qb6 6. Nf3 Nc6 7. e5 d5 8. Nc3 e6 9. Be2 Nge7 10. Bb5 0-0 11. 0-0 Bd7 12. a4 a6 13. a5 Qc7 14. Bxc6 Bxc6 15. Bd2 Nf5 16. g4 Ne7 17. h4 f5 18. g5 Bd7 19. Ne2 Bb5 20. Rf2 Rfc8 21. Ng3 Nc6 22. Bc3 b6 23. axb6 Qxb6 24. h5 Bc4 25. Nh4 Ne7 26. Qa4 Qb5 27. Qxb5 axb5 28. Rxa8 Rxa8 29. Bb4 Nc6 30. Bc5 Kf7 31. Ng2 Bf8 32. Bxf8 Kxf8 33. Rd2 Ra1+ 34. Kf2 Na5 35. Ne3 Nb3 0-1

[Event "IECC CL5-2004.07 email"]
[Site "IECC email"]
[Date "2004.03.07"]
[Round "?"]
[White "MacDonald, Weldon"]
[Black "Viatge, Fabrice"]
[Result "1/2-1/2"]
[WhiteElo "1503"]
[BlackElo "1420"]
[PlyCount "95"]
[EventDate "2004.??.??"]
[EventType "tourn (corr)"]
[EventRounds "4"]
[SourceTitle "Corr 2008"]
[Source "ChessBase"]
[SourceDate "2008.06.24"]
[SourceVersion "1"]
[SourceVersionDate "2008.06.24"]
[SourceQuality "1"]

1. e4 g6 2. d4 Bg7 3. Nc3 c6 4. Nf3 d6 5. a4 Nf6 6. h3 0-0 7. Be3 Nbd7 8. a5 Qc7 9. Qd2 e5 10. Bc4 Re8 11. d5 b5 12. axb6 Nxb6 13. Bxb6 Qxb6 14. dxc6 Be6 15. Bb5 a6 16. Ba4 Red8 17. Nd5 Qxb2 18. Nxf6+ Bxf6 19. 0-0 Qb6 20. Rfb1 Qc5 21. Qb4 Qxb4 22. Rxb4 d5 23. c7 Rdc8 24. Bc6 Ra7 25. exd5 Rcxc7 26. Nd2 Bd7 27. Bxd7 Rxd7 28. c4 a5 29. Rba4 Bd8 30. Nb3 Ra8 31. Rd1 Rc8 32. c5 Rb7 33. Rd3 Rb5 34. c6 f5 35. f3 Bc7 36. Rc4 Rd8 37. Rc5 Bb6 38. c7 Rc8 39. d6 Bxc5+ 40. Nxc5 Rxc5 41. d7 R5xc7 42. dxc8Q+ Rxc8 43. Rd5 a4 44. Rxe5 Ra8 45. Re2 a3 46. Ra2 f4 47. Kf2 Kf7 48. Ke2 1/2-1/2

[Event "IECC CL5-2004.07 email"]
[Site "IECC email"]
[Date "2004.03.07"]
[Round "?"]
[White "Viatge, Fabrice"]
[Black "Nemeth, Laszlo"]
[Result "1-0"]
[WhiteElo "1424"]
[BlackElo "1405"]
[PlyCount "89"]
[EventDate "2004.??.??"]
[EventType "tourn (corr)"]
[EventRounds "4"]
[SourceTitle "Corr 2008"]
[Source "ChessBase"]
[SourceDate "2008.06.24"]
[SourceVersion "1"]
[SourceVersionDate "2008.06.24"]
[SourceQuality "1"]

1. e4 g6 2. d4 Bg7 3. Nc3 c6 4. Bc4 b5 5. Bb3 b4 6. Nce2 Nf6 7. e5 Nd5 8. Nf4 Nxf4 9. Bxf4 a5 10. a3 Bb7 11. Nf3 a4 12. Bc4 Qb6 13. 0-0 Ba6 14. Qd3 0-0 15. Rfb1 Bxc4 16. Qxc4 b3 17. cxb3 axb3 18. Rd1 Ra7 19. Rd3 Qa6 20. Rc1 Qxc4 21. Rxc4 Na6 22. Rxb3 Nc7 23. Bd2 Rfa8 24. g4 Nd5 25. h4 h5 26. gxh5 gxh5 27. Kf1 Kf8 28. Ke2 Ke8 29. Ne1 f6 30. Rg3 Bh8 31. e6 dxe6 32. Rxc6 Kd7 33. Rc2 Ra4 34. Nf3 R4a6 35. Rg6 Ra4 36. Rh6 Bg7 37. Rxh5 Rg8 38. Kd3 Bf8 39. Be3 Ra7 40. Rh7 Rb7 41. b4 Rb8 42. h5 Ra8 43. Bc1 Bg7 44. h6 Bh8 45. b5 1-0

[Event "IECC CL6-2003.09 email"]
[Site "IECC email"]
[Date "2003.04.28"]
[Round "?"]
[White "Tosney, Paul"]
[Black "Viatge, Fabrice"]
[Result "0-1"]
[WhiteElo "1458"]
[BlackElo "1348"]
[PlyCount "62"]
[EventDate "2003.??.??"]
[EventType "tourn (corr)"]
[EventRounds "4"]
[SourceTitle "Corr 2008"]
[Source "ChessBase"]
[SourceDate "2008.06.24"]
[SourceVersion "1"]
[SourceVersionDate "2008.06.24"]
[SourceQuality "1"]

1. d4 Nf6 2. Nc3 d5 3. Bg5 e6 4. f3 c5 5. e4 dxe4 6. dxc5 Qxd1+ 7. Rxd1 exf3 8. Bxf6 gxf6 9. Nxf3 Bxc5 10. Ne4 Be7 11. Nd6+ Bxd6 12. Rxd6 Nd7 13. Bb5 a6 14. Bxd7+ Bxd7 15. 0-0 Ke7 16. Rfd1 Rad8 17. c4 Bc6 18. Rxd8 Rxd8 19. Rxd8 Kxd8 20. Nd2 f5 21. Kf2 Ke7 22. Nf3 Kf6 23. Ke3 e5 24. g3 Bxf3 25. Kxf3 Ke6 26. b4 Kd6 27. Ke3 h5 28. a3 b6 29. Kf3 e4+ 30. Kf4 Ke6 31. h3 Kd6 0-1

[Event "IECC CL6-2002.33"]
[Site "IECC email"]
[Date "2002.11.11"]
[Round "?"]
[White "Viatge, Fabrice"]
[Black "Wey, Geoffrey"]
[Result "1-0"]
[WhiteElo "1355"]
[BlackElo "1363"]
[PlyCount "41"]
[EventDate "2002.??.??"]
[EventType "tourn (corr)"]
[EventRounds "4"]
[SourceTitle "Corr 2008"]
[Source "ChessBase"]
[SourceDate "2008.06.24"]
[SourceVersion "1"]
[SourceVersionDate "2008.06.24"]
[SourceQuality "1"]

1. d4 e6 2. e4 d5 3. Nd2 Nf6 4. e5 Nfd7 5. Bd3 c5 6. c3 Nc6 7. Ne2 Qb6 8. Nf3 cxd4 9. cxd4 f6 10. exf6 Nxf6 11. 0-0 Bd6 12. b3 0-0 13. Bb2 Bd7 14. Ng3 Rae8 15. Ne5 Bc8 16. Kh1 Qc7 17. Rc1 Bxe5 18. dxe5 Nd7 19. f4 g6 20. Qg4 Nc5 21. Rxc5 1-0

[Event "IECC CL6-2002.07"]
[Site "IECC email"]
[Date "2002.02.20"]
[Round "?"]
[White "Viatge, Fabrice"]
[Black "Cehajic, Mustafa"]
[Result "0-1"]
[WhiteElo "1293"]
[BlackElo "1525"]
[PlyCount "88"]
[EventDate "2002.??.??"]
[EventType "tourn (corr)"]
[EventRounds "4"]
[SourceTitle "Corr 2008"]
[Source "ChessBase"]
[SourceDate "2008.06.24"]
[SourceVersion "1"]
[SourceVersionDate "2008.06.24"]
[SourceQuality "1"]

1. e4 e5 2. Nf3 Nc6 3. Bb5 a6 4. Ba4 Nf6 5. 0-0 Nxe4 6. d4 b5 7. Bb3 d5 8. dxe5 Be6 9. c3 Be7 10. Nbd2 Nc5 11. Bc2 Bg4 12. Re1 d4 13. h3 Bh5 14. cxd4 Nxd4 15. Re3 0-0 16. b3 Qd5 17. Bb2 Nxc2 18. Qxc2 Rad8 19. Ba3 Rfe8 20. b4 Nd3 21. Qxc7 a5 22. Qc2 axb4 23. Bb2 Bg6 24. Bd4 Ne1 25. Qb2 Nc2 26. Nb3 Bf5 27. Kh2 Nxa1 28. Qxa1 Ra8 29. Re2 Bd3 30. Rd2 Be4 31. Qd1 Bxf3 32. Qxf3 Qxf3 33. gxf3 Bg5 34. Re2 Ra3 35. Kg3 Rea8 36. f4 Rxa2 37. Re3 Bh6 38. Rd3 g6 39. Kf3 Rc2 40. Ke4 Re8 41. Nc5 f5+ 42. Kf3 Rd8 43. Ne6 Rd7 44. Nc5 Rxc5 0-1

[Event "IECC CL7-2001.27"]
[Site "IECC email"]
[Date "2001.11.21"]
[Round "?"]
[White "Tranquillo, Massimo"]
[Black "Viatge, Fabrice"]
[Result "0-1"]
[WhiteElo "1179"]
[BlackElo "1210"]
[PlyCount "40"]
[EventDate "2001.??.??"]
[EventType "tourn (corr)"]
[EventRounds "4"]
[SourceTitle "Corr 2008"]
[Source "ChessBase"]
[SourceDate "2008.06.24"]
[SourceVersion "1"]
[SourceVersionDate "2008.06.24"]
[SourceQuality "1"]

1. e4 c5 2. Nf3 d6 3. d4 cxd4 4. Nxd4 Nf6 5. Nc3 a6 6. a4 Nc6 7. Bc4 e6 8. Bg5 Be7 9. 0-0 0-0 10. Bb3 Qb6 11. Be3 Qc7 12. Qe2 Bd7 13. Kh1 Rac8 14. f4 Na5 15. Ba2 Nc4 16. Bxc4 Qxc4 17. Qxc4 Rxc4 18. e5 Ng4 19. exd6 Nxe3 20. dxe7 Nxf1 0-1

[Event "IECC CL7-2001.27"]
[Site "IECC email"]
[Date "2001.11.21"]
[Round "?"]
[White "Weaver, Matthew"]
[Black "Viatge, Fabrice"]
[Result "0-1"]
[WhiteElo "1115"]
[BlackElo "1249"]
[PlyCount "64"]
[EventDate "2001.??.??"]
[EventType "tourn (corr)"]
[EventRounds "4"]
[SourceTitle "Corr 2008"]
[Source "ChessBase"]
[SourceDate "2008.06.24"]
[SourceVersion "1"]
[SourceVersionDate "2008.06.24"]
[SourceQuality "1"]

1. e4 c5 2. Nf3 d6 3. d4 cxd4 4. Nxd4 Nf6 5. Nc3 a6 6. Bg5 e6 7. f4 b5 8. e5 dxe5 9. fxe5 Qc7 10. exf6 Qe5+ 11. Be2 Qxg5 12. 0-0 Bc5 13. Kh1 Qe5 14. Bf3 Ra7 15. Nc6 Nxc6 16. Bxc6+ Bd7 17. Qf3 0-0 18. fxg7 Qxg7 19. Bxd7 Rxd7 20. Ne4 Be7 21. Rad1 Rxd1 22. Rxd1 Qxb2 23. Qb3 Qxb3 24. cxb3 f5 25. Ng3 f4 26. Nh5 e5 27. Rd7 Rc8 28. h3 Kf7 29. Ra7 Rc1+ 30. Kh2 Rc2 31. Rxa6 f3 32. Ng3 Rxg2+ 0-1

[Event "IECC CL7-2001.12"]
[Site "IECC email"]
[Date "2001.05.07"]
[Round "?"]
[White "Pollina, Paolo"]
[Black "Viatge, Fabrice"]
[Result "0-1"]
[WhiteElo "1174"]
[BlackElo "1158"]
[PlyCount "58"]
[EventDate "2001.??.??"]
[EventType "tourn (corr)"]
[EventRounds "4"]
[SourceTitle "Corr 2008"]
[Source "ChessBase"]
[SourceDate "2008.06.24"]
[SourceVersion "1"]
[SourceVersionDate "2008.06.24"]
[SourceQuality "1"]

1. b4 e5 2. Bb2 Bxb4 3. Bxe5 Nf6 4. Nf3 Nc6 5. Bb2 d5 6. e3 0-0 7. Be2 Re8 8. 0-0 Bf5 9. a3 Ba5 10. Nc3 a6 11. Nh4 Be6 12. Nf3 Ne4 13. Nxe4 dxe4 14. Nd4 Nxd4 15. Bxd4 Qd6 16. d3 c5 17. Bb2 Bc7 18. g3 Rad8 19. Qc1 Bh3 20. Rd1 Qc6 21. d4 c4 22. Qd2 Be6 23. Rab1 Bd5 24. Bc3 Rb8 25. Bg4 Qg6 26. Qe2 b5 27. Bb4 Rbd8 28. h3 Qg5 29. a4 f5 0-1

[Event "IECC Y2KO email"]
[Site "IECC email"]
[Date "2000.10.26"]
[Round "?"]
[White "Thayer, Charles D"]
[Black "Viatge, Fabrice"]
[Result "1-0"]
[WhiteElo "1885"]
[BlackElo "1139"]
[PlyCount "53"]
[EventDate "2000.??.??"]
[EventType "tourn (corr)"]
[EventRounds "2"]
[SourceTitle "Corr 2008"]
[Source "ChessBase"]
[SourceDate "2008.06.24"]
[SourceVersion "1"]
[SourceVersionDate "2008.06.24"]
[SourceQuality "1"]

1. e4 e5 2. f4 exf4 3. Nf3 h6 4. Bc4 g5 5. d4 d6 6. 0-0 Bg7 7. c3 Nc6 8. Qa4 Qd7 9. Bb5 d5 10. exd5 Qxd5 11. c4 Qd6 12. d5 Qc5+ 13. Kh1 Bd7 14. dxc6 Bxc6 15. Bxc6+ Qxc6 16. Qxc6+ bxc6 17. Re1+ Ne7 18. Nbd2 Bf6 19. Ne4 Bg7 20. Rb1 Rd8 21. b3 f5 22. Nc5 Bc3 23. Bb2 Bxe1 24. Bxh8 Bf2 25. Ne6 Rc8 26. Ne5 Bd4 27. Nxd4 1-0

[Event "IECC Y2KO email"]
[Site "IECC email"]
[Date "2000.10.26"]
[Round "?"]
[White "Viatge, Fabrice"]
[Black "Thayer, Charles D"]
[Result "1/2-1/2"]
[WhiteElo "1139"]
[BlackElo "1885"]
[PlyCount "82"]
[EventDate "2000.??.??"]
[EventType "tourn (corr)"]
[EventRounds "2"]
[SourceTitle "Corr 2008"]
[Source "ChessBase"]
[SourceDate "2008.06.24"]
[SourceVersion "1"]
[SourceVersionDate "2008.06.24"]
[SourceQuality "1"]

1. d4 f5 2. g3 Nf6 3. Bg2 g6 4. Nf3 Bg7 5. c4 0-0 6. Nc3 c6 7. 0-0 d6 8. Re1 Na6 9. e4 fxe4 10. Nxe4 Nxe4 11. Rxe4 Bf5 12. Re2 Bg4 13. Qd3 Bxf3 14. Bxf3 Bxd4 15. Qxd4 Rxf3 16. Bg5 e5 17. Qg4 Qf8 18. Qe6+ Rf7 19. Rd1 Nc5 20. Qxd6 Rd7 21. Qxf8+ Kxf8 22. Rxd7 Nxd7 23. b4 Kf7 24. f4 Re8 25. Kf2 a6 26. c5 exf4 27. Bxf4 Rxe2+ 28. Kxe2 Ke6 29. Ke3 Kd5 30. Kd3 a5 31. a3 a4 32. Bc7 Nf6 33. Bf4 Ng4 34. h4 Nf6 35. Be3 Nd7 36. Bf4 b5 37. cxb6 Nxb6 38. Bc1 Nc4 39. Kc3 Nd6 40. g4 h5 41. gxh5 gxh5 1/2-1/2

[Event "IECC CL7-2000.21"]
[Site "IECC email"]
[Date "2000.03.17"]
[Round "?"]
[White "Wylie, Richard"]
[Black "Viatge, Fabrice"]
[Result "0-1"]
[WhiteElo "1259"]
[BlackElo "1116"]
[PlyCount "120"]
[EventDate "2000.??.??"]
[EventType "tourn (corr)"]
[EventRounds "4"]
[SourceTitle "Corr 2008"]
[Source "ChessBase"]
[SourceDate "2008.06.24"]
[SourceVersion "1"]
[SourceVersionDate "2008.06.24"]
[SourceQuality "1"]

1. c4 c5 2. Nc3 g6 3. Nf3 Bg7 4. e3 Nf6 5. d4 0-0 6. dxc5 Na6 7. e4 Nxc5 8. e5 Ng4 9. Bf4 d6 10. exd6 exd6 11. Be2 Qb6 12. Nd5 Qxb2 13. Rb1 Qxa2 14. Bxd6 Re8 15. 0-0 Rxe2 16. Bxc5 Be6 17. Rxb7 Qxc4 18. Ne7+ Kh8 19. Qd6 Re8 20. Rb4 Qa2 21. Rb7 a5 22. Qc6 Rd8 23. Qc7 Re8 24. Qc6 Nf6 25. Bd4 Rc2 26. Qd6 h6 27. Qf4 Qc4 28. Nxg6+ Kh7 29. Ne7 Re2 30. Rc7 Re4 31. Qd6 Qd3 32. Be5 Qxd6 33. Bxd6 Bf8 34. Ra1 Nd7 35. h3 Bxe7 36. Bxe7 Rxe7 37. Rxa5 Kg7 38. Raa7 Kf6 39. Kh2 h5 40. Ra5 Kg6 41. Rg5+ Kh6 42. Rc8 Nf6 43. Rh8+ Nh7 44. Rc5 f6 45. Rc6 Kg7 46. Rd8 Ng5 47. Nd2 Re2 48. f4 Ne4 49. Nf3 Kf7 50. Rb6 Rd7 51. Rh8 Kg7 52. Rxh5 Nd2 53. Kg3 Nf1+ 54. Kh4 Bf7 55. Rhb5 Rxg2 56. Ne1 Rg3 57. Rb7 Rd4 58. Rb4 Rd8 59. Rb8 Rxb8 60. Rxb8 Be6 0-1

[Event "IECC M email"]
[Site "IECC email"]
[Date "1999.10.14"]
[Round "?"]
[White "Viatge, Fabrice"]
[Black "Quen, Jacques M"]
[Result "1-0"]
[WhiteElo "1112"]
[BlackElo "774"]
[PlyCount "127"]
[EventDate "1999.??.??"]
[EventType "tourn (corr)"]
[EventRounds "6"]
[SourceTitle "Corr 2008"]
[Source "ChessBase"]
[SourceDate "2008.06.24"]
[SourceVersion "1"]
[SourceVersionDate "2008.06.24"]
[SourceQuality "1"]

1. d4 d5 2. c4 dxc4 3. Nf3 Nf6 4. e3 b5 5. a4 c6 6. axb5 cxb5 7. b3 Be6 8. bxc4 bxc4 9. Qa4+ Bd7 10. Qxc4 Nc6 11. Be2 Na5 12. Qd3 Nc6 13. 0-0 Nb4 14. Qd2 e6 15. Nc3 Nbd5 16. Nxd5 exd5 17. Ne5 Bd6 18. Nxd7 Qxd7 19. Qb2 0-0 20. Qb5 Qc7 21. f4 Rfb8 22. Qa5 Qe7 23. Bf3 Bb4 24. Qa2 Bc3 25. Qa3 Qxa3 26. Rxa3 Bb4 27. Ra4 a5 28. Rd1 h6 29. Bd2 g5 30. g3 g4 31. Bg2 Kg7 32. Kf1 Bxd2 33. Rxd2 Rb5 34. Ke2 Nd7 35. Rda2 Nb6 36. R4a3 a4 37. Kd3 Rc8 38. e4 Nc4 39. Rc3 Rb3 40. Rac2 Rxc3+ 41. Rxc3 a3 42. Rc1 Ne5+ 43. Kd2 Nf3+ 44. Kd1 Ra8 45. exd5 Nxd4 46. Ra1 Nf5 47. Kd2 Nd6 48. Kc3 Rc8+ 49. Kb4 Rc2 50. Bf1 a2 51. h3 gxh3 52. Bxh3 Rb2+ 53. Ka3 Nc4+ 54. Ka4 Nb6+ 55. Ka3 Rd2 56. Bf1 Rxd5 57. Rxa2 f5 58. Kb4 Rd1 59. Be2 Rb1+ 60. Kc5 Nd7+ 61. Kd6 Nf6 62. Ke5 Kg6 63. Ra6 Rb5+ 64. Bxb5 1-0